مہامنہ العصر : (Record no. 108670)

MARC details
000 -LEADER
fixed length control field 00817nam a22002657a 4500
005 - DATE AND TIME OF LATEST TRANSACTION
control field 20170123162343.0
010 ## - LIBRARY OF CONGRESS CONTROL NUMBER
LC control number A-521112
020 ## - INTERNATIONAL STANDARD BOOK NUMBER
Terms of availability 00.00
035 ## - SYSTEM CONTROL NUMBER
System control number A-521112
037 ## - SOURCE OF ACQUISITION
Source of stock number/acquisition Cen Lib/Ret
040 ## - CATALOGING SOURCE
Original cataloging agency DPL
Language of cataloging UR
082 ## - DEWEY DECIMAL CLASSIFICATION NUMBER
Classification number 080
Item number ا ل ع
100 ## - MAIN ENTRY--PERSONAL NAME
Personal name پیارے لال شکر
9 (RLIN) 517
245 ## - TITLE STATEMENT
Title مہامنہ العصر :
Remainder of title پیارے لال شکر
Statement of responsibility, etc ١٩١٣-١٩١٧ /
246 ## - VARYING FORM OF TITLE
Title proper/short title Mahamana alasar : 1913-1917 /
Remainder of title by Pyare Lal Shakir
260 ## - PUBLICATION, DISTRIBUTION, ETC. (IMPRINT)
Place of publication, distribution, etc پٹنہ
Name of publisher, distributor, etc خدا بخش لائبریری
Date of publication, distribution, etc 1980
270 ## - ADDRESS
City پٹنہ
300 ## - PHYSICAL DESCRIPTION
Extent 593p.
Dimensions 21cm(Hb)
500 ## - GENERAL NOTE
General note کتابیات
650 ## - SUBJECT ADDED ENTRY--TOPICAL TERM
Topical term or geographic name as entry element مجموعہ کام
9 (RLIN) 94827
650 ## - SUBJECT ADDED ENTRY--TOPICAL TERM
Topical term or geographic name as entry element صحافت
9 (RLIN) 129495
650 ## - SUBJECT ADDED ENTRY--TOPICAL TERM
Topical term or geographic name as entry element Collection work
9 (RLIN) 129496
650 ## - SUBJECT ADDED ENTRY--TOPICAL TERM
Topical term or geographic name as entry element Journalism
9 (RLIN) 129497
942 ## - ADDED ENTRY ELEMENTS (KOHA)
Source of classification or shelving scheme Dewey Decimal Classification
Koha item type Urdu Bks
Classification part 080
Call number suffix ا ل ع
Holdings
Withdrawn status Lost status Damaged status Not for loan Home library Current library Date acquired Source of acquisition Cost, normal purchase price Total Checkouts Full call number Barcode Date last seen Copy number Cost, replacement price Price effective from Koha item type
        Central Library Central Library 01/02/2016 Cen Lib/Ret 0.00   080 ا ل ع A-521112 01/02/2016 1 0.00 01/02/2016 Urdu Bks

© Delhi Public Library
Hit Counter
free hit counter